Responses for show #3111 - Monday, February 23, 1998

J.J. Todor game 5.

Contestants

Sharon Neufeld, a C.P.A. from Vienna, Virginia

Greg Denny, a lawyer from Hoover, Alabama

J.J. Todor, a law student from Pataskala, Ohio (whose 4-day cash winnings total $23,610)

Jeopardy! Round responses

BUSINESS NEWS
PHOBIAS
NATIONAL FORESTS
AROUND THE STUDIO WITH LOU
FRUITS & VEGETABLES
3-LETTER WORDS
    $100 1
Bug

Sharon
    $100 5
(J: What are ants?)

Stings

J.J.Greg
    $100 26
Indiana

J.J.
    $100 21
NC-17

J.J.
    $100 11
Apple

J.J.
    $100 16
Cup

Sharon
    $200 2
Bruce Willis

J.J.
    $200 6
Missiles

J.J.
    $200 27
Black Hills National Forest

Sharon
    $200 22
Stunt double

J.J.
    $200 12
Pods

J.J.
    $200 17
Cob

Triple Stumper
    $300 3
Federal Express

J.J.
    $300 8
The color purple

Greg
    $300 28
T. Jefferson or G. Washington

Greg
    $300 23
Make-up

Triple Stumper
    $300 13
Fig

Sharon
    $300 18
Dip

Sharon
    $400 4
Venezuela

Greg
    $400 9
Frogs

Sharon
    $400 29
[The end-of-round signal sounds.]

Huron & Superior

J.J.
    $400 24
(and we have a minute to go...)

Post-production

J.J.
    $400 14
Radish

Greg
    $400 19
Mot

J.J.
    $500 7
Cats

J.J.
    $500 10
Many things

Triple Stumper
    $500 25
Trailer

J.J.
    $500 15
(J: What is a kiwi?)

Avocado

J.J.Sharon
    $500 20
Jut

J.J.

Scores at the first commercial break (after clue 13):

J.J. Greg Sharon
$1,400 $800 $800

Scores at the end of the Jeopardy! Round:

J.J. Greg Sharon
$3,500 $1,500 $1,900

Double Jeopardy! Round responses

JERUSALEM
NAME THAT NOVEL
DOCUMENTARIES
DANGEROUS SCIENCE
CRYING
IT'LL END IN "TEER"s
    $200 7
Moby Dick

J.J.
    $200 11
(J.J.: What is baseball?)

surfing

J.J.Sharon
    $200 16
the sun

Greg
    $200 28
[The end-of-round signal sounds]

onions

J.J.
    $200 2
musketeers

J.J.
    $400 1
A Tale of Two Cities

J.J.
    $400 12
Andrew Wyeth

Greg
    $400 18
Alfred Nobel

Sharon
    $400 27
sobbing

Sharon
    $400 3
a puppeteer

J.J.
    $600 26
(3 of) Arab, Armenian, Christian, Jewish

Triple Stumper
    $600 8
1984

Triple Stumper
    $600 13
White Death

Sharon
    $600 19
Dian Fossey

Greg
    $1,000 23
(J.J.: What is "96 Tears"?)

"The Tracks Of My Tears" (by Smokey Robinson)

J.J.
    $600 4
Volunteer

Sharon
    $800 17
David

Triple Stumper
    $800 9
Pride and Prejudice

Sharon
    $1,500 14
Robert Crumb

Sharon
    $800 20
(Alex: Not a wise move!)

tasting them

Triple Stumper
    $800 22
blinking

J.J.
    $800 5
privateers

Sharon
    $1000 25
Babylonians

Triple Stumper
    $1000 10
The Last of the Mohicans

J.J.
    $1000 15
Chariots of the Gods

Greg
    $1000 21
Sir Humphry Davy

Triple Stumper
    $1000 24
(J.J: Who is Piccolo... Brian Piccolo?)
...
(Alex: We needed the movie title, not the name of the player, and we have less than a minute to go, Greg.)

Brian's Song

J.J.Greg
    $1000 6
a gazetteer

Triple Stumper

Scores at the end of the Double Jeopardy! Round:

J.J. Greg Sharon
$4,500 $4,700 $7,200

[wagering suggestions for these scores]

Final Jeopardy! Round responses

THE CARIBBEAN
(Alex: It's been a long time since we've given away the car; I have the key in my hand to the automobile that J.J. selected - what did you pick?)
(J.J.: Tahoe.)
(Alex: 3 new contestants tomorrow on "Jeopardy!" - see you then, so long, everybody!)
J.J.What is Santo Domingo?
$911
GregWhat is Port-au-Prince?
$4,301
SharonWhat is San
$2,201
Santo Domingo, Dominican Republic

Final scores:

J.J. Greg Sharon
$5,411 $399 $4,999
5-day champion: $29,021 3rd place: Sears Gift Certificates 2nd place: Sears Gift Certificates

Game dynamics:

Coryat scores:

J.J. Greg Sharon
$5,500 $4,700 $6,500
21 R
(including 1 DD),
5 W
(including 1 DD)
10 R,
0 W
15 R
(including 1 DD),
0 W

Combined Coryat: $16,700

The J! Archive is created by fans, for fans. The Jeopardy! game show and all elements thereof, including but not limited to copyright and trademark thereto, are the property of Jeopardy Productions, Inc. and are protected under law. This website is not affiliated with, sponsored by, or operated by Jeopardy Productions, Inc. Join the discussion at JBoard.tv.